[Event "PNWCC-Pirot Hybrid m4"]
[Site "Chess.com INT"]
[Date "2021.11.13"]
[Round "2"]
[White "Arandjelovic, Aleksandar Z"]
[Black "Krishnan, Saatvik"]
[Result "1-0"]
[WhiteElo "1878"]
[BlackElo "1671"]
[PlyCount "49"]
[EventDate "2021.11.13"]
[EventType "team-match"]
[EventRounds "4"]
[EventCountry "USA"]
[SourceTitle "CBM 205 Extra"]
[Source "ChessBase"]
[SourceDate "2022.01.31"]
[SourceVersion "1"]
[SourceVersionDate "2022.01.31"]
[SourceQuality "1"]
[WhiteTeam "Pirot"]
[BlackTeam "PNWCC"]
[WhiteTeamCountry "SRB"]
[BlackTeamCountry "USA"]

1. d4 d5 2. c4 e6 3. Nc3 c5 4. cxd5 exd5 5. Nf3 Nf6 6. g3 Ne4 7. Bg2 Nc6 8. 0-0 Bg4 9. Qb3 cxd4 10. Nxe4 dxe4 11. Ng5 Qd7 12. Bxe4 h6 13. f3 Bh5 14. Nh3 Bc5 15. Kg2 g5 16. Qb5 f5 17. Bd3 Qe7 18. Bd2 a6 19. Qa4 0-0-0 20. Rac1 Qd6 21. b4 Ba7 22. b5 axb5 23. Qxa7 Kc7 24. Bxf5 Ra8 25. Ba5# 1-0